| 000 | 00400nam a2200157Ia 4500 | ||
|---|---|---|---|
| 003 | Ost | ||
| 005 | 20260225132559.0 | ||
| 008 | 260225s9999||||xx |||||||||||||| ||und|| | ||
| 040 | _cfsic | ||
| 041 | _afre | ||
| 082 | _a491.2 | ||
| 100 |
_aYoussef YAKHLEF _eAuteur |
||
| 245 | 0 | _aLE REDACTEUR INFORMATEUR : | |
| 245 | 0 |
_bL'INFORMATION DES JEUNE,LA COMMNICATION / _cYoussef YAKHLEF |
|
| 942 | _cكتاب | ||
| 999 |
_c34670 _d34670 |
||